00462nam a2200157 a 45000010005000000030009000050080041000140400028000550820015000831000020000982450093001182600037002113000009002484900017002576500030002746380CO-ViMGA141112s2004 ck r 000 u spa d aCO-ViMGAbspacCO-ViMGA04a657.3 P7311 aPrebble, Carlos10aInterprete un balance : bAplicaciones condiciones, coeficientes, análisis, año base aBuenos Aires : bGranica, c1992 a19 p aAcción, 2414aBALANCES - INTERPRETACION